| Поле | Инд. | ПП | Название | Значение |
|---|---|---|---|---|
| Тип записи | a | |||
| Библиографический уровень | m | |||
| 001 | Контрольный номер | RU/LIBMSTU/456410133 | ||
| 005 | Дата корректировки | 20150325142346.9 | ||
| 020 | 00 | a | ISBN | 5-247-03702-2 |
| c | Цена, тираж | 20000-00 | ||
| 084 | a | Индекс другой классификации/Индекс ББК | 26.32 | |
| 090 | 00 | a | Полочн. индекс | 26.3 |
| x | Авторский знак | Д 86 | ||
| 100 | 10 | a | Автор | Душин В. А. |
| 245 | 00 | a | Заглавие | Магматизм и геодинамика палеоконтинентального сектора севера Урала |
| c | Ответственность | Урал. гос. гор.-геол. акад. | ||
| 260 | 00 | a | Место издания | Москва |
| b | Издательство | Недра | ||
| c | Дата издания | 1997 | ||
| 300 | 00 | a | Объем | 213 с. |
| b | Иллюстрации/ тип воспроизводства | ил. | ||
| 650 | _4 | a | Основная рубрика | Вулканология |
| 653 | 00 | a | Ключевые слова | Вулканология |
| a | Ключевые слова | Дорифейский вулканизм | ||
| 653 | 00 | a | Ключевые слова | Палеозойская эпоха |
| 653 | 00 | a | Ключевые слова | Геодинамика |
| 653 | 00 | a | Ключевые слова | Эффузивный магнетизм |